| 000 | 00620nam a2200169Ia 4500 | ||
|---|---|---|---|
| 008 | 090201s9999 xx 000 0 und d | ||
| 010 | _aKPL-61509 | ||
| 040 | _bमराठी | ||
| 041 | _aमराठी | ||
| 082 |
_a37853 _b61509 |
||
| 100 | _aसुजाता गानु टिकेकर | ||
| 245 |
_aआमच्या सहवासातील पु.ल _cसुजाता गानु टिकेकर |
||
| 260 |
_c2004 _bसंयम पब्लिकेशन्स |
||
| 300 |
_a192 _bमोठा |
||
| 600 | _aआमच्या सहवासातील पु.ल | ||
| 942 | _cBOOK | ||
| 999 |
_c235475 _d235475 |
||